• 首页
  • 本馆介绍
  • 公告通知
  • 最新文献
  • 馆藏检索
  • 电子资源
  • 读者导购
  • 参考咨询
  • 我的图书馆
  • 登录
  • 详细信息显示
  • 放入我的书架
  • 预约/预借图书
  • 作者相关作品
  • 分类相关作品
  • 丛书相关作品
  • 出版社相关作品

书目信息

  • 表格格式
  • 工作单格式
  • 卡片格式
题名:
海南省水资源调查评价
    
 
作者: 符传君 主编
分册:  
出版信息: 北京   中国水利水电出版社  2011
页数: 353页
开本: 26cm
丛书名:
单 册:
中图分类: TV211.1
科图分类:
主题词: 水资源--Shui Zi Yuan--资源调查--评价--海南
电子资源:
ISBN: 978-7-5084-8974-2
000 00787nam0 22002291 450
001 351045
005 20161012083220.42
010    @a978-7-5084-8974-2@dCNY188.00
100    @a20111103d2011 em y0chiy50 ea
101 0  @achi
102    @aCN@b110000
105    @ab z 000yy
106    @ar
200 1  @a海南省水资源调查评价@AHai Nan Sheng Shui Zi Yuan Tiao Cha Ping Jia@f符传君主编
210    @a北京@c中国水利水电出版社@d2011
215    @a353页@c地图@d26cm
330    @a本书内容包括:海南省基本情况、水资源调查评价总体要求、水资源分区及水功能区划、降水量、蒸发能力及干旱指数河流泥沙等。
606 0  @a水资源@AShui Zi Yuan@x资源调查@x评价@y海南
690    @aTV211.1@v5
701  0 @a符传君@AFu Chuan Jun@4主编
801  0 @aCN@bTANGWEI@c20160811
905    @b0892860-2@dTV211.1@e68@f3
    
    海南省水资源调查评价/符传君主编 .-北京:中国水利水电出版社,2011
    353页:地图;26cm
    
    
    ISBN 978-7-5084-8974-2:CNY188.00
    本书内容包括:海南省基本情况、水资源调查评价总体要求、水资源分区及水功能区划、降水量、蒸发能力及干旱指数河流泥沙等。
●
相关链接 在E读中查询图书 在五车中查询图书 在当当中查询图书 在豆瓣中查询图书


正题名:海南省水资源调查评价     索取号:TV211.1/68         预约/预借

序号 登录号 条形码 馆藏地/架位号 状态 备注
1 0892860   208928605   第二样本阅览室/ [索取号:TV211.1/68] 在馆    
2 0892861   208928614   第三借阅区/ [索取号:TV211.1/68] 在馆    
3 0892862   208928623   第三借阅区/ [索取号:TV211.1/68] 在馆    
唐山师范学院图书馆 欢迎您!
大连网信软件有限公司© 版权所有